000 00763nam a22002171 4500
001 192869
003 SpMaBN
005 20240129115707.0
008 981210s1929 sp spa
016 7 _abimoBNE20000193834
_zIND9800832228
_2SpMaBN
035 _a(OCoLC)432722415
040 _aSpMaBN
_bspa
_cCDM
_dES-MaACL
245 0 4 _aLos servicios agrícolas y pecuarios de la Diputación de Guipuzcoa
260 _aMadrid:
_b[Julio Cosano,
_c1929?]
300 _a37 p. ;
_c22 cm
500 _aEs tirada aparte del Boletín de Agricultura Técnica y Económica correspondiente al Suplemento 2º del nº 252
650 4 _99680
_aAgricultura
_zEspaña
942 _2udc
_cMONOGRAFIA
_n0
999 _c192869
_d192869